00594nam a2200181Ia 4500008004000000020001800040082001300058100001900071245006800090250000500158260004500163300000800208650001800216690002600234906001100260999001700271952012400288210210b1991 xxu||||| |||| 00| 0 eng d a81 7018 667 6 a312 BOSP aBOSE (Ashish). aPopulation of India: 1991 census results and methodology. Ed 1. a aDelhi.bB R Publishing Corporationc1991 a121 aCensus 1991  aPopulation Statistics a045332 c94919d94919 001040708StatisticsaALbALcStatisticsd2021-02-17g50.00l0o312 BOSPp045332r2021-02-17 00:00:00w2021-02-17yBK